000 00637nam a2200229Ia 4500
003 OSt
005 20220925212455.0
006 a|||||r|||| 00| 0
007 ta
008 220923b |||||||| |||| 00| 0 eng d
037 _cGeneral Book
040 _aRTL
_cRTL
_beng
041 _2eng
_aeng
082 _aO164,1, J9
100 _aArberry A J
245 0 _aRomance of the Rubaiyat
_b Edward Fitz Ferald's fir
260 _aLondon
_bAllen & Unwin UK
_c1959
300 _a244p. Bib p 240-42
_ccm.
650 _aLiterature
_9235005
942 _hO164,1, J9
_cGB
_2CC
999 _c560471
_d560471